000 00340nam a22001457a 4500
003 SGT
020 _a9788182746756
082 _a355.021 809 54,JOI
100 _aJOINT A,FORGING
245 _aINTERNAL ARMED CONFLICT IN INDIA
260 _aNEW DELHI
_bPENTAGON PRESS
_c2013
300 _a246
650 _aINTERNAL ARMED
942 _2ddc
_cBK
999 _c10330
_d10330